Creatividad
Збережено в:
| Автори: | , |
|---|---|
| Формат: | Книга |
| Мова: | Іспанська |
| Опубліковано: |
Ciudad de México
Limusa
2003
|
| Редагування: | 2a. ed |
| Предмети: | |
| Теги: |
Додати тег
Немає тегів, Будьте першим, хто поставить тег для цього запису!
|
MARC
| LEADER | 00000nam a2200000 a 4500 | ||
|---|---|---|---|
| 001 | UCH4743 | ||
| 003 | CL-VaPUC | ||
| 008 | 090903e20030000MX |||||||||||||||||spa|d | ||
| 020 | |a 9681859847 | ||
| 082 | 0 | 4 | |a 370.157 |b VAC |2 21 |
| 100 | 0 | |a Vaca Espino, Sara |e author |9 540652 | |
| 700 | 0 | |a Vargas Barrios, Laura E |e author |9 540653 | |
| 245 | 1 | 0 | |a Creatividad |
| 250 | |a 2a. ed | ||
| 300 | |a 133 p | ||
| 942 | |c BK | ||
| 945 | |d 20090903 00:00:00 |a rbrito | ||
| 260 | |a Ciudad de México |b Limusa |c 2003 | ||
| 650 | 0 | |a Creatividad |9 310816 | |
| 650 | 0 | |a Inteligencia |9 267038 | |
| 650 | 0 | |a Pensamiento creativo |9 310706 | |
| 650 | 0 | |a Arte creativo |9 535085 | |
| 583 | |a last modification |c 20170824 01:45:00 |k Rodrigo Vera | ||
| 999 | |c 336014 |d 336012 | ||
| 952 | |0 0 |1 0 |4 0 |6 370_157000000000000_VAC_2003 |7 0 |8 A |9 426884 |a BIBEDU |b BIBEDU |d 2019-11-22 |i 4595009 |o 370.157 VAC 2003 |p 4595009 |r 2019-11-22 |w 2019-11-22 |y BK |k BME | ||